000 01003nam a22003137a 4500
001 BR2022000312
003 BR-BrBNA
005 20230928105631.0
007 ta
008 230509b bl.||||| |||| 00| 0 por d
040 _aBR-BrBNA
_bpor
_cBiblioteca Nacional de Agricultura
041 _a(Por)
072 _aL73; L40
_b5400
090 _ 5400 BR2022000312
100 1 _aMonteiro, A.C.M.P.
110 1 _aUniversidade Federal de Minas Gerais, Belo Horizonte (Brasil). Escola de Veterinária
245 1 _aValidação da urinálise como método diagnóstico de bacteriúria em cães
_bCurso de Residência em Medicina Veterinária
260 3 _aBelo Horizonte, MG (Brasil):
_c2019.
300 _a35 p.
500 _aSummary (Por); 40 ref.; 2 illus.; 7 tables; 1 graphy
650 _aCÃO
650 _aAPARELHO URINÁRIO
650 _aINFECÇÃO
650 _aDIAGNÓSTICO
650 _aTRATAMENTO
650 _aVETERINÁRIA
909 _a202309
_bLucia
_c55
_dLucia Elande
942 _cBK
999 _c85970
_d85970